| 000 | 01054cab a2200277 4500 | ||
|---|---|---|---|
| 001 | ABS59192 | ||
| 008 | 090401t1998 xxu||||| |||| 00| 0 eng d | ||
| 035 | _a(Sirsi) u88048 | ||
| 041 | _aeng | ||
| 100 | _aBaker, J. | ||
| 245 | _aFloor areas in leases: do they add up? | ||
| 260 | _c1998 | ||
| 350 | _a0 | ||
| 490 |
_aSolicitors` Journal _v142(32) 14 August 1998, 764(1) |
||
| 520 | _aConsiders whether it is a good idea to specify floor areas in rent review clauses. Although the `Code of measuring practice` should ensure that floor areas should be a matter of fact and not negotiation, changes in building construction and methods of valuation can lead to different interpretations of `net` and `gross` internal floor areas. | ||
| 650 | _aRICS CODE OF MEASURING PRACTICE | ||
| 650 | _aFLOOR AREA | ||
| 650 | _aGROSS INTERNAL AREA | ||
| 650 | _aLEASES | ||
| 650 | _aNEGOTIATION | ||
| 650 | _aNET INTERNAL AREA | ||
| 650 | _aRENT REVIEW CLAUSES | ||
| 690 | _aLANDLORD AND TENANT-RENT REVIEWS | ||
| 942 | _n0 | ||
| 948 | _c19/08/1998 | ||
| 999 |
_c55600 _d55600 |
||